Breathe - Malcolm Todd (All Lyrics) - Statistics

General Stats
  • This quiz has been taken 41 times
  • The average score is 315 of 362
Answer Stats
Answer % Correct
Breathe,
100%
breathe
100%
Breathe
100%
I
100%
It
100%
it
100%
it?
100%
it,
100%
It's
100%
it's
100%
me
100%
you
100%
You
100%
you,
100%
a
97%
be
97%
be)
97%
in
97%
into
97%
so
97%
been
94%
best
94%
but
94%
do
94%
friends
94%
hotel
94%
long
94%
long,
94%
suite
94%
the
94%
two
94%
what?
94%
what
94%
ah, ah)
91%
ah, ah, ha-ha, ha,
91%
ah, ha-ah, ah)
91%
and
91%
for
91%
got
91%
(Ha-
91%
ha-ah, ah)
91%
ha-ah, ha-ah, ah
91%
ha-ah, ha-ah, ah,
91%
ha-ah, ha-ah, ah)
91%
ha, ha
91%
(Ha-ha,
91%
ha, ha, ha-ah, ha-
91%
ha, ha, ha, ha-ah,
91%
Ha-ha, ha, ha, ha,
91%
Ha-ha, ha-ha, ha,
91%
(Ha-ha, ha, ha, ha,
91%
ha-ha, ha, ha, ha,
91%
(Ha-ha, ha-ha, ha,
91%
ha, ha, ha, ha, ha-
91%
Ha, ha, ha, ha, ha
91%
Now
91%
that
91%
they
91%
thing
91%
to
91%
when
91%
all
88%
All
88%
can't
88%
ha-ah, ha-ah, ah
88%
is
88%
miss
88%
night
88%
right
88%
song
88%
wrong
88%
Don't
84%
find
84%
here,
84%
I'll
84%
just
84%
out,
84%
out
84%
this
84%
wanna
84%
about?
81%
Come
81%
feels
81%
what's
81%
Probably
78%
probably
78%
on
75%
shouldn't
75%
forgot
72%
tell
72%
could
69%
If
69%
leave
69%
would
69%
baby
66%
want
66%
had
63%
kiss
63%
my
63%
teach
63%
I'm
59%
know
59%
bring
56%
Heaven,
56%
legs
56%
life
56%
need
56%
shoulder
56%
your
56%
back
53%
'cause
53%
dead
53%
like
53%
little
53%
neck
53%
oxygen
53%
think
53%
without
53%
Oh,
50%
rest
50%
again
47%
We
47%
(We
47%
ya,
47%
over
44%
(Yeah)
16%
No matching quizzes found
Score Distribution
Percent of People with Each Score
Percentile by Number Answered
Your Score History
You have not taken this quiz